The Boys Characters by Picture - Statistics

General Stats
  • This quiz has been taken 1,529 times
  • The average score is 17 of 24
Answer Stats
Picture Answer % Correct
Homelander
100%
Starlight
98%
Billy Butcher
96%
A-Train
95%
Black Noir
95%
The Deep
94%
Queen Maeve
91%
Hughie Campbell
89%
Frenchie
86%
Kimiko Miyashiro
86%
Mother's Milk
85%
Soldier Boy
84%
Stormfront
76%
Translucent
75%
Ashley Barrett
72%
Ryan Butcher
68%
Victoria Neuman
66%
Stan Edgar
58%
Firecracker
53%
Madelyn Stillwell
48%
Sister Sage
42%
Crimson Countess
36%
Mesmer
35%
Susan Raynor
15%
No matching quizzes found
Score Distribution
Percent of People with Each Score
Percentile by Number Answered
Your Score History
You have not taken this quiz